|
|
|
|
| LEADER |
01907nem a2200445 i 4500 |
| 001 |
nkc20152766040 |
| 003 |
CZ PrNK |
| 005 |
20160722074410.0 |
| 007 |
aj canzn |
| 008 |
160317s2016 xr z a 0 cze |
| 015 |
|
|
|a cnb002766040
|
| 020 |
|
|
|a 978-80-87498-65-1
|q (Národní vinařské centrum)
|
| 034 |
1 |
|
|a a
|b 350000
|d E0131300
|e E0160500
|f N0504400
|g N0495400
|
| 040 |
|
|
|a ABA001
|b cze
|e rda
|
| 043 |
|
|
|a e-xr---
|b e-xr-cc
|2 czenas
|
| 072 |
|
7 |
|a 913(437)
|x Geografie Česka a Slovenska, reálie, cestování
|2 Konspekt
|9 7
|
| 072 |
|
7 |
|a 912
|x Mapy. Atlasy. Glóby
|2 Konspekt
|9 7
|
| 080 |
|
|
|a 634.8.04
|2 MRF
|
| 080 |
|
|
|a 913(437.31)
|2 MRF
|
| 080 |
|
|
|a (084.3)
|2 MRF
|
| 245 |
0 |
0 |
|a Krajem vína :
|b vinařská oblast Čechy : mapa
|
| 255 |
|
|
|a Měřítko 1:350 000
|c (E 13°13'00"--E 16°05'00"/N 50°44'00"--N 49°54'00")
|
| 264 |
|
1 |
|a Znojmo :
|b Pro Národní vinařské centrum, o.p.s. vyrobila Agentura Bravissimo,
|c 2016
|
| 300 |
|
|
|a 1 mapa :
|b barevná ;
|c 29 x 59 cm, na listu 42 x 60 cm, složeno na 21 x 10 cm
|
| 336 |
|
|
|a kartografický obraz
|b cri
|2 rdacontent
|
| 337 |
|
|
|a bez média
|b n
|2 rdamedia
|
| 338 |
|
|
|a list
|b nb
|2 rdacarrier
|
| 500 |
|
|
|a Mapové podklady SHOCart
|
| 500 |
|
|
|a Deset největších výrobců vín, seznam vinařsky a turisticky atraktivních cílů, na rubu vlastivědný text
|
| 650 |
0 |
7 |
|a vinařské oblasti
|7 ph127105
|z Česko
|2 czenas
|
| 651 |
|
7 |
|a Čechy (Česko)
|7 ge135869
|2 czenas
|
| 655 |
|
7 |
|a mapy
|7 fd132800
|2 czenas
|
| 710 |
2 |
|
|a SHOCart (firma)
|7 ko2001100207
|4 ctg
|
| 710 |
2 |
|
|a Národní vinařské centrum
|7 kn20040407004
|4 pbl
|
| 910 |
2 |
|
|a BOA001
|b Mp2-1365.067
|
| 990 |
|
|
|a MP
|
| 995 |
|
|
|a 01
|
| 991 |
|
|
|b 201603
|c NOV
|
| 996 |
6 |
|
|b 2610664872
|c Mp2-1365.067
|l MZK
|r Sklad / do 1 hodiny
|n 0
|p p.v.
|w 001552710
|u 000010
|a 1
|e BOA001
|j MZK50
|s P
|
| 996 |
7 |
|
|b 2610664873
|c Mp2-1365.067
|l MZK
|r Sklad / do 1 hodiny
|n 0
|p p.v.
|w 001552710
|u 000020
|a 1
|e BOA001
|j MZK50
|s A
|